Finish the lyrics (Christmas) - Statistics

General Stats
  • This quiz has been taken 132 times
  • The average score is 7 of 9
Answer Stats
Hint Answer % Correct
All I want for Christmas is ___ you
100%
Dashing through the ____ snow
95%
Falalala__ la
92%
Five ______ rings golden
90%
They never let poor Rudolph join in any ______ games reindeer
84%
I heard the bells on _______ day Christmas
78%
Deck the halls with ______ of holy boughs
52%
Round yon ______ mother and child virgin
46%
Hark how the _____ bells
36%
No matching quizzes found
Score Distribution
Percent of People with Each Score
Percentile by Number Answered
Your Score History
You have not taken this quiz